Quiz sulla Tunisia - Statistics

Statistiche generali
  • Questo quiz è stato fatto 1.187 volte
  • Il punteggio medio è 13 su 21
Statistiche sulle risposte
Hint Risposta % Corretto
Capitale Tunisi
99%
Paesi confinanti Algeria
97%
Lingua ufficiale Arabo
96%
Libia
96%
Paese europeo che colonizzò la Tunisia Francia
94%
Deserto a sud del paese Sahara
92%
Mare sulla quale si affaccia la Tunisia Mar Mediterraneo
90%
Antica città sconfitta da Roma nelle guerre puniche Cartagine
83%
Paese che ha la bandiera molto simile a quella della Tunisia Turchia
78%
Generale di quella città che ha attraversato le Alpi con gli elefanti Annibale
73%
Proteste che sono iniziate in Tunisia nel dicembre 2010 e che poi si estesero in altri paesi mediorientali P{rimavere} A{rabe}
68%
Antica civiltà marinara che ha fondato quella città Fenici
65%
Catena montuosa che si estende in Tunisia Atlante
44%
Moneta Dinaro
44%
Popolazione indigena Berberi
42%
Città turistica in cui si ritirò in esilio Bettino Craxi Hammamet
40%
Nome della leggendaria prima regina di questa città Didone
38%
Seconda città più grande {Sfa}x
32%
La Grande Moschea di Kairouan ospita il più antico ______ del mondo M{inareto}
27%
Isola più grande Djerba
25%
Punto più a nord del continente africano (è un nome femminile) Capo {Angela}
11%
Nessun quiz corrispondente trovato
Distribuzione punteggi
Percentuale di utenti per punteggio
Percentile per numero di risposta
I tuoi punteggi nel tempo
Non hai fatto questo quiz